Teaching stories / (Record no. 80881)

MARC details
000 -LEADER
fixed length control field 00609nam a22002057a 4500
005 - DATE AND TIME OF LATEST TRANSACTION
control field 20140304150201.0
010 ## - LCCN (DPL NO)
LC control number ENG-108689
020 ## - INTERNATIONAL STANDARD BOOK NUMBER
Terms of availability 195.00
International Standard Book Number 9788121613262
035 ## - SYSTEM CONTROL NUMBER
System control number EN-92222
037 ## - SOURCE OF ACQUISITION
Source of stock number/acquisition DBAD/PUB
082 ## - DEWEY DECIMAL CLASSIFICATION NUMBER
Classification number S
245 ## - TITLE STATEMENT
Title Teaching stories /
Statement of responsibility, etc selected and interpreted by Jamuna Rangachari; illustrated by Faraaz Tanveer
250 ## - EDITION STATEMENT
Edition statement 5th ed
260 ## - PUBLICATION, DISTRIBUTION, ETC. (IMPRINT)
Place of publication, distribution, etc New Delhi
Name of publisher, distributor, etc Life Positive
Date of publication, distribution, etc 2013
270 ## - ADDRESS
Address C-153, Okhla Industrial Area Phase-I
City New Delhi
Postal code 110020
300 ## - PHYSICAL DESCRIPTION
Extent vi,202p.
Dimensions 22cm(pbk)
700 ## - ADDED ENTRY--PERSONAL NAME
Personal name Rangachari, Jamuna
700 ## - ADDED ENTRY--PERSONAL NAME
Personal name Faraaz Tanveer
942 ## - ADDED ENTRY ELEMENTS (KOHA)
Source of classification or shelving scheme Dewey Decimal Classification
Item type English Books
Call number suffix TEA
Classification part S
Holdings
Withdrawn status Lost status Not for loan Collection code Home library Current library Date acquired Source of acquisition Cost, normal purchase price Full call number Barcode Copy number Cost, replacement price Koha item type
    Not For Loan Fiction D.B.Act.Division D.B.Act.Division 27/11/2013 DBAD/PUB 195.00 S TEA EN-92222 1 195.00 English Books

© Delhi Public Library
Hit Counter
free hit counter